Study the effect of shallow cryogenic treatment on mechanical and microstructural properties of 30CrMnSiA steel heat treated in vacuum furnace and Box Type conventional air furnace / (Record no. 609034)
[ view plain ]
| 000 -LEADER | |
|---|---|
| fixed length control field | 02061nam a22001577a 4500 |
| 082 ## - DEWEY DECIMAL CLASSIFICATION NUMBER | |
| Classification number | 670 |
| 100 ## - MAIN ENTRY--PERSONAL NAME | |
| Personal name | Aslam, Muhammad Danyal |
| 245 ## - TITLE STATEMENT | |
| Title | Study the effect of shallow cryogenic treatment on mechanical and microstructural properties of 30CrMnSiA steel heat treated in vacuum furnace and Box Type conventional air furnace / |
| Statement of responsibility, etc. | Muhammad Danyal Aslam |
| 264 ## - PRODUCTION, PUBLICATION, DISTRIBUTION, MANUFACTURE, AND COPYRIGHT NOTICE | |
| Place of production, publication, distribution, manufacture | Islamabad : |
| Name of producer, publisher, distributor, manufacturer | SMME- NUST; |
| Date of production, publication, distribution, manufacture, or copyright notice | 2022. |
| 300 ## - PHYSICAL DESCRIPTION | |
| Extent | 50p. |
| Other physical details | Soft Copy |
| Dimensions | 30cm |
| 500 ## - GENERAL NOTE | |
| General note | Heat treatment plays a major role in improving the material properties. With the<br/>addition of cryogenic treatment these properties can be further improved. In this paper heat<br/>treatment is carried out on low carbon low alloy structural steel in two different types of<br/>furnaces conventional box type air furnace and vacuum furnace along with shallow cryogenic<br/>treatment with the purpose to investigate the outcome of shallow cryogenic treatment on the<br/>material properties and to find out which type of furnace is more suitable with shallow<br/>cryogenic treatment. For this purpose, structural steel 30CrMnSiA was selected, and heat<br/>treatment was carried out in conventional box type air furnace (900°C × 40mins) and vacuum<br/>furnaces (900°C × 70mins), shallow cryogenic treatment (-75°C × 125mins) was carried out<br/>after the quenching and before tempering. For the physical properties of the material,<br/>hardness (HRC) was investigated using Brinell hardness tester HBD-62-5AP. Tensile<br/>samples were prepared as per ASTM E8/E8M and investigated using 100kN WAW-100B<br/>Electro-Hydraulic Servo Computer Control Universal Testing Machine. Impact toughness<br/>was measured by using electronic pendulum impact testing machine CBD-300 and specimens<br/>were prepared using ASTM standard E23-12c. Microstructural analysis for grain structure<br/>was carried out using Olympus DSX1000 optical microscope. |
| 650 ## - SUBJECT ADDED ENTRY--TOPICAL TERM | |
| Topical term or geographic name entry element | MS Design and Manufacturing Engineering |
| 700 ## - ADDED ENTRY--PERSONAL NAME | |
| Personal name | Supervisor : Dr. Najam-ul- Qadir |
| 856 ## - ELECTRONIC LOCATION AND ACCESS | |
| Uniform Resource Identifier | <a href="http://10.250.8.41:8080/xmlui/handle/123456789/30574">http://10.250.8.41:8080/xmlui/handle/123456789/30574</a> |
| 942 ## - ADDED ENTRY ELEMENTS (KOHA) | |
| Source of classification or shelving scheme | |
| Koha item type | Thesis |
| Withdrawn status | Permanent Location | Current Location | Shelving location | Date acquired | Full call number | Barcode | Koha item type |
|---|---|---|---|---|---|---|---|
| School of Mechanical & Manufacturing Engineering (SMME) | School of Mechanical & Manufacturing Engineering (SMME) | E-Books | 05/09/2024 | 670 | SMME-TH-753 | Thesis |
